Capitales des États des États-Unis - Mort Subite - Statistiques

Statistiques générales
  • Ce quiz a été pris 233 fois
  • Le résultat moyen est 8 sur 18
Answers on the Grid
Answers color-coded by a green-red scale on the quiz's grid according to % correct below.
Sacramento
Atlanta
Austin
Columbus
Santa Fe
Oklahoma City
Denver
Phoenix
Boston
Licoln
Nashville
Salt Lake City
Cheyenne
Des Moines
Honolulu
Baton Rouge
Springfield
Montgomery
Chicago
Portland
Baltimore
Détroit
Minneapolis
Las Vegas
Philadelphie
Kansas City
Seattle
Milvaukee
Houston
Memphis
Alburquerque
Manchester
 
Statistiques - réponses
Réponse % Correct
Honolulu
56%
Baton Rouge
53%
Salt Lake City
51%
Sacramento
50%
Atlanta
48%
Phoenix
48%
Austin
47%
Springfield
46%
Des Moines
44%
Boston
43%
Denver
43%
Oklahoma City
43%
Nashville
42%
Cheyenne
41%
Columbus
41%
Montgomery
38%
Santa Fe
37%
Licoln
29%
Aucun quiz correspondant
Distribution des résultats
% des personnes avec chaque résultat
Percentile par nombre de réponses
Votre historique - résultats
Vous n’avez pas pris ce quiz